000 00839nam a2200205Ia 4500
003 GCL
008 140319s9999 xx 000 0 ara d
020 _a2121110977
040 _aGCL /
_cGCL
082 0 4 _a953
_bع د
100 1 _aعصام الدين عبدالرؤوف الفقى
245 1 0 _aالدول المستقلة فى المشرق الاسلامى منذ مستهل العصر العباسى حتى الغزو المغولى /
_cعصام الدين عبدالرؤوف الفقى
260 _aالقاهرة :
_bدار الفكر العربى ،
_c1999
300 _a420 ص ؛
_c28 سم
650 0 4 _aالعالم العربى
650 0 4 _aالعالم الاسلامى
650 0 4 _aالحضارة الاسلامية
650 0 4 _aالعالم العربى - تاريخ - العصر العباسى
942 _2ddc
_cBK
999 _c57015
_d57015